Catálogo público

Respuestas fisiológicas iniciales de portainjertos clonales de aguacate a Cylindrocarpon sp. / (Record no. 220702)

MARC details
000 -CABECERA
campo de control de longitud fija 02930nam a2200325 a 4500
003 - IDENTIFICADOR DEL NÚMERO DE CONTROL
campo de control OSt
005 - FECHA Y HORA DE LA ÚLTIMA TRANSACCIÓN
campo de control 20250805143646.0
007 - CAMPO FIJO DE DESCRIPCIÓN FÍSICA--INFORMACIÓN GENERAL
campo de control de longitud fija cr ||||||a|a|a
008 - DATOS DE LONGITUD FIJA--INFORMACIÓN GENERAL
campo de control de longitud fija 250627s2025 mx a|||fom||| 001 0 spa d
040 ## - FUENTE DE LA CATALOGACIÓN
Normas de descripción rda
100 1# - ENTRADA PRINCIPAL--NOMBRE DE PERSONA
Nombre de persona García Toscano, Erick Enrique
9 (RLIN) 190526
245 10 - MENCIÓN DE TÍTULO
Título Respuestas fisiológicas iniciales de portainjertos clonales de aguacate a Cylindrocarpon sp. /
Mención de responsabilidad, etc. por Erick Enrique García Toscano; director de tesis Alejandro Facundo Barrientos Priego; secretario Erik Acuayte Valdes; vocal Mercedes Martínez Villagómez; suplente Claudia Reyes Quiroz; suplente Juán Ayala Arreola.
264 #1 - PRODUCCIÓN, PUBLICACIÓN, DISTRIBUCIÓN, FABRICACIÓN Y COPYRIGHT
Producción, publicación, distribución, fabricación y copyright Chapingo, México :
Nombre del de productor, editor, distribuidor, fabricante El autor,
Fecha de producción, publicación, distribución, fabricación o copyright 2024.
300 ## - DESCRIPCIÓN FÍSICA
Extensión 1 recurso en línea (104 páginas):
Otras características físicas cuadros, figuras.
336 ## - TIPO DE CONTENIDO
Fuente rdacontent
Término de tipo de contenido texto
Código de tipo de contenido txt
337 ## - TIPO DE MEDIO
Fuente rdamedia
Nombre/término del tipo de medio computadora
Código del tipo de medio c
338 ## - TIPO DE SOPORTE
Fuente rdacarrier
Nombre/término del tipo de soporte recurso en línea
Código del tipo de soporte cr
502 ## - NOTA DE TESIS
Tipo de título Ingeniero Agrónomo Especialista en Fitotecnia
Nombre de la institución que otorga el título Departamento de Enseñanza, Investigación y Servicio en Fitotecnia,
Año de obtención del título 2024.
Información miscelánea Licenciatura
504 ## - NOTA DE BIBLIOGRAFÍA, ETC.
Nota de bibliografía, etc. Incluye referencias bibliográficas: páginas 75-90.
520 ## - SUMARIO, ETC.
Sumario, etc. Se evaluaron las respuestas fisiológicas de portainjertos clonales de aguacate infectados por Cylindrocarpon sp. El estudio se enfocó en variables relacionadas con la asimilación de carbono, eficiencia en el uso del agua, regulación térmica y pigmentación foliar, utilizando un diseño experimental completamente al azar con cinco genotipos de portainjertos. Los resultados mostraron que la infección afecta significativamente las variables fisiológicas, como la asimilación de CO2 (A), conductancia estomática (g), transpiración (E), concentración interna de CO2 (Ci), flujo de carbono asimilado (C), eficiencia en el uso de agua (E·g -1), eficiencia de asimilación de CO2 (E·Ci -1 y g·Ci -1) y eficiencia de carboxilación instantanea de la RuBisCo (A·Ci -1). El portainjerto 'Duke 7', presentó mayor tolerancia a la infección, reflejada en una mejor regulación estomática y capacidad para mantener la eficiencia en la asimilación de carbono y el uso del agua. En contraste, ‘Borchard’ presentó las respuestas fisiológicas más desfavorables, mientras que ‘Thomas’, ‘Zutano’ y ‘Day’ mostraron respuestas intermedias. Estos hallazgos sugieren que ‘Duke 7’ posee cualidades que lo posicionan como un portainjerto prometedor para ser utilizado en sistemas de producción en condiciones de alto estrés patogénico por Cylindrocarpon sp.
650 #4 - PUNTO DE ACCESO ADICIONAL DE MATERIA--TÉRMINO DE MATERIA
Término de materia o nombre geográfico como elemento de entrada Hongos fitopatógenos
Subdivisión general Identificación
9 (RLIN) 131720
650 #4 - PUNTO DE ACCESO ADICIONAL DE MATERIA--TÉRMINO DE MATERIA
Término de materia o nombre geográfico como elemento de entrada Aguacate
Subdivisión general Enfermedades por hongos
9 (RLIN) 2511
700 1# - PUNTO DE ACCESO ADICIONAL--NOMBRE DE PERSONA
Nombre de persona Barrientos Priego, Alejandro Facundo
9 (RLIN) 190728
700 1# - PUNTO DE ACCESO ADICIONAL--NOMBRE DE PERSONA
Nombre de persona Acuayte Valdes, Erik
9 (RLIN) 751
Término indicativo de función/relación secretario.
700 1# - PUNTO DE ACCESO ADICIONAL--NOMBRE DE PERSONA
Nombre de persona Martínez Villagómez, Mercedes
9 (RLIN) 127511
Término indicativo de función/relación vocal.
700 1# - PUNTO DE ACCESO ADICIONAL--NOMBRE DE PERSONA
Nombre de persona Reyes Quiroz, Claudia
9 (RLIN) 132439
Término indicativo de función/relación suplente.
700 1# - PUNTO DE ACCESO ADICIONAL--NOMBRE DE PERSONA
Nombre de persona Ayala Arreola, Juan
Término indicativo de función/relación suplente.
9 (RLIN) 8915
856 ## - LOCALIZACIÓN Y ACCESO ELECTRÓNICOS
Identificador Uniforme del Recurso http://10.13.5.2/tesis/tl/1810902-7_GARCIA_TOSCANO_ERICKENRIQUE.pdf
Nota pública DESCARGAR PDF
942 ## - ELEMENTOS DE PUNTO DE ACCESO ADICIONAL (KOHA)
Fuente del sistema de clasificación o colocación Clasificación Universidad Autónoma Chapingo
Tipo de ítem Koha Tesis digital
Holdings
Estado de retiro Estado de pérdida Fuente del sistema de clasificación o colocación Estado dañado Restricciones de uso No para préstamo Código de colección Localización permanente Ubicación/localización actual Ubicación en estantería Fecha de adquisición Total de préstamos Signatura topográfica completa Fecha visto por última vez Precio válido a partir de Tipo de ítem Koha
    Clasificación Universidad Autónoma de Chapingo   Préstamo interno   Tesis digitales de Licenciatura Biblioteca Digital Biblioteca Digital En línea 27/06/2025   Tesis digital 27/06/2025 27/06/2025 Tesis digital